000 00872nas a2200313 4500
001 BR2013002734
003 BR-BrBNA
005 20231205122200.0
007 ta
008 230509b bl.|||p| |||| 00| 00por d
040 _aBR-BrBNA
_bpor
_cBiblioteca Nacional de Agricultura
041 _a(Pt)
072 _aP01; F40; P36
100 1 _aMarangoni, J.C.
100 1 _aCosta, C.S.B.
245 1 _aDiagnóstico ambiental das marismas no estuário da lagoa dos Patos - RS
650 _aBREJO
650 _aESTUÁRIO
650 _aMEIO AMBIENTE
650 _aVEGETAÇÃO
650 _aPASTEJO
650 _aFOGO
650 _aRESÍDUO
650 _aCORTE
650 _aEROSÃO DO SOLO
773 0 _tAtlântica (Brazil)
_xISSN 0102-1656
_g(Jan-Jun 2009), v. 31(1) p. 85-98
_wBR2013002734
909 _a202311
_bLúcia
_c55
_dLúcia Elande
942 _2AGRIS
_n0
_cANA
999 _c227329
_d227329